Koncepční IT bezpečnost jako součást byznys strategie

Čoraz častejšie sa kladie dôraz na bezpečnosť v kyberpriestore. Bankový sektor nie je výnimkou, keďže klienti si často neuvedomujú všetky riziká. Tienistou stránkou bezpečnosti je predovšetkým jej cena, zložitosť dostupných riešení a neefektivita mechanizmov. Banky musia zabezpečiť komplexný prístup...

Descripción completa

Guardado en:
Detalles Bibliográficos
Autor principal: Kohout, Jiří
Formato: Capítulo de libro
Lenguaje:checo
Materias:
Etiquetas: Agregar Etiqueta
Sin Etiquetas, Sea el primero en etiquetar este registro!

MARC

LEADER 00000naa a2200000 4500
001 0248651
005 20181107091208.8
041 0 |a cze 
044 |a CZ 
245 1 0 |a Koncepční IT bezpečnost jako součást byznys strategie  |c Jiří Kohout 
520 |a Čoraz častejšie sa kladie dôraz na bezpečnosť v kyberpriestore. Bankový sektor nie je výnimkou, keďže klienti si často neuvedomujú všetky riziká. Tienistou stránkou bezpečnosti je predovšetkým jej cena, zložitosť dostupných riešení a neefektivita mechanizmov. Banky musia zabezpečiť komplexný prístup k bezpečnosti.Všetko závisí na vzájomnej komunikácie a ochote počúvať aj druhé strany. Bezpečnosť prostredia by mala byť zahrnutá v interných predpisoch. 
610 2 0 |a bezpečnosť kybernetická 
610 2 0 |a klienti 
610 2 0 |a technológie informačné 
610 2 0 |a banky 
610 2 0 |a stratégia podniková 
100 1 |a Kohout, Jiří